De la concordia y la discordia, de la pacificación (Registro nro. 141268)

Detalles MARC
000 -LEADER
campo de control de longitud fija 00715nam a2200217 i 4500
001 - NÚMERO DE CONTROL
campo de control 141268
003 - IDENTIFICADOR DE NÚMERO DE CONTROL
campo de control ES-MaACL
005 - FECHA Y HORA DE LA ÚLTIMA TRANSACCIÓN
campo de control 20250823063108.0
007 - CAMPO FIJO DE DESCRIPCIÓN FÍSICA--INFORMACIÓN GENERAL
campo de control de longitud fija t|
008 - DATOS DE LONGITUD FIJA--INFORMACIÓN GENERAL
campo de control de longitud fija 070920s1978 sp ||||1| spa d
100 1# - ENTRADA PRINCIPAL--NOMBRE DE PERSONA
Nombre de persona Vives, Juan Luis,
Fechas asociadas al nombre 1492-1540
9 (RLIN) 115574
245 10 - MENCIÓN DEL TÍTULO
Título De la concordia y la discordia, de la pacificación
Resto del título : /
Mención de responsabilidad, etc. Juan Luis Vives ; traducción, introducción y notas: Enrique Rivera.
260 ## - PUBLICACIÓN, DISTRIBUCIÓN, ETC.
Lugar de publicación, distribución, etc. Madrid :
Nombre del editor, distribuidor, etc. Edic. Paulinas,
Fecha de publicación, distribución, etc. 1978.
300 ## - DESCRIPCIÓN FÍSICA
Extensión 471 p. ;
Dimensiones 18 cm.
490 1# - MENCIÓN DE SERIE
Mención de serie Filosofía A.II
650 04 - PUNTO DE ACCESO ADICIONAL DE MATERIA--TÉRMINO DE MATERIA
Término de materia o nombre geográfico como elemento de entrada Paz.
9 (RLIN) 15898
700 1# - ENTRADA AGREGADA--NOMBRE PERSONAL
Nombre de persona Rivera de Ventosa, Enrique.
9 (RLIN) 97647
830 0# - PUNTO DE ACCESO ADICIONAL DE SERIE-TÍTULO UNIFORME
Título uniforme Filosofía A.II
9 (RLIN) 220396
852 ## - LOCALIZACIÓN
Ubicación ES-MaACL
Número de control de estantería A-8121
Sublocalización o colección R.97236
Existencias
Estatus retirado Estado de pérdida Estado de daño No para préstamo Biblioteca de origen Biblioteca actual Ubicación en estantería Fecha de adquisición Fuente de adquisición Total de préstamos Signatura topográfica completa Código de barras Visto por última vez Precio de reemplazo Tipo de ítem Koha
        Biblioteca del Ateneo de Madrid Biblioteca del Ateneo de Madrid Sala Pecera Planta 1 17/01/2008     A-8121 1146993 23/02/2023 23/02/2023 Libro impreso